<?xml version="1.0" encoding="UTF-8"?>
<collection xmlns="http://www.loc.gov/MARC21/slim">
 <record>
  <leader>01525nam a22002537a 4500</leader>
  <controlfield tag="001">NCT_55222</controlfield>
  <controlfield tag="008">181109b        xxu||||| |||| 00| 0 vie d</controlfield>
  <datafield tag="999" ind1=" " ind2=" ">
   <subfield code="c">2658</subfield>
   <subfield code="d">2658</subfield>
  </datafield>
  <datafield tag="020" ind1=" " ind2=" ">
   <subfield code="c">45000</subfield>
  </datafield>
  <datafield tag="082" ind1="0" ind2="4">
   <subfield code="2">23rd ed.</subfield>
   <subfield code="a">909</subfield>
   <subfield code="b">A105/T.2</subfield>
  </datafield>
  <datafield tag="100" ind1="1" ind2=" ">
   <subfield code="a">Đặng Đức An</subfield>
   <subfield code="e">Chủ biên</subfield>
  </datafield>
  <datafield tag="245" ind1="1" ind2="0">
   <subfield code="a">Những mẩu chuyện lịch sử thế giới</subfield>
   <subfield code="n">Tập 2</subfield>
   <subfield code="c">Đặng Đức Anh (chủ biên) </subfield>
  </datafield>
  <datafield tag="250" ind1=" " ind2=" ">
   <subfield code="a">Tái bản lần thứ 6</subfield>
  </datafield>
  <datafield tag="260" ind1=" " ind2=" ">
   <subfield code="a">H.</subfield>
   <subfield code="b">Giáo dục Việt Nam</subfield>
   <subfield code="c">2012</subfield>
  </datafield>
  <datafield tag="300" ind1=" " ind2=" ">
   <subfield code="a">303 tr.</subfield>
   <subfield code="c">21cm</subfield>
  </datafield>
  <datafield tag="520" ind1="3" ind2=" ">
   <subfield code="a">Sách giới thiệu đến các bạn các sự kiện lịch sử thế giới từ cuộc Cách Mạng Tư Sản Anh (thế kỷ 17) đến sự hình thành thế giới mới sau Thế chiến thứ II và sự hình thành các tổ chức, các khối đa quốc gia.</subfield>
  </datafield>
  <datafield tag="653" ind1=" " ind2=" ">
   <subfield code="a">Sách tham khảo</subfield>
  </datafield>
  <datafield tag="700" ind1="1" ind2=" ">
   <subfield code="a">Lại Bích Ngọc</subfield>
   <subfield code="e">Sưu tầm và tuyển chọn</subfield>
  </datafield>
  <datafield tag="700" ind1="1" ind2=" ">
   <subfield code="a">Đặng Thanh Tịnh</subfield>
   <subfield code="e">Sưu tầm và tuyển chọn</subfield>
  </datafield>
  <datafield tag="700" ind1="1" ind2=" ">
   <subfield code="a">Đặng Thanh Toán</subfield>
   <subfield code="e">Sưu tầm và tuyển chọn</subfield>
  </datafield>
  <datafield tag="942" ind1=" " ind2=" ">
   <subfield code="2">ddc</subfield>
   <subfield code="c">BK</subfield>
  </datafield>
  <datafield tag="952" ind1=" " ind2=" ">
   <subfield code="0">0</subfield>
   <subfield code="1">0</subfield>
   <subfield code="2">ddc</subfield>
   <subfield code="4">0</subfield>
   <subfield code="6">909_000000000000000_A105_T_2</subfield>
   <subfield code="7">0</subfield>
   <subfield code="9">14859</subfield>
   <subfield code="a">000001</subfield>
   <subfield code="b">000001</subfield>
   <subfield code="d">2018-11-09</subfield>
   <subfield code="o">909 A105/T.2</subfield>
   <subfield code="p">TK.00473</subfield>
   <subfield code="r">2018-11-09</subfield>
   <subfield code="v">45000.00</subfield>
   <subfield code="w">2018-11-09</subfield>
   <subfield code="y">BK</subfield>
  </datafield>
  <datafield tag="952" ind1=" " ind2=" ">
   <subfield code="0">0</subfield>
   <subfield code="1">0</subfield>
   <subfield code="2">ddc</subfield>
   <subfield code="4">0</subfield>
   <subfield code="6">909_000000000000000_A105_T_2</subfield>
   <subfield code="7">0</subfield>
   <subfield code="9">14860</subfield>
   <subfield code="a">000001</subfield>
   <subfield code="b">000001</subfield>
   <subfield code="d">2018-11-09</subfield>
   <subfield code="o">909 A105/T.2</subfield>
   <subfield code="p">TK.00474</subfield>
   <subfield code="r">2018-11-09</subfield>
   <subfield code="v">45000.00</subfield>
   <subfield code="w">2018-11-09</subfield>
   <subfield code="y">BK</subfield>
  </datafield>
  <datafield tag="980" ind1=" " ind2=" ">
   <subfield code="a">Thư viện Trường Đại học Nam Cần Thơ</subfield>
  </datafield>
 </record>
</collection>
